Tough Rulers of History - Picture Quiz - Statistics

General Stats
  • This quiz has been taken 231 times
  • The average score is 8 of 15
Answer Stats
Picture Answer % Correct
Henry VIII
93%
Josef Stalin
93%
Julius Caesar
83%
Kim Il-Sung
71%
Czar Nicholas II
66%
Idi Amin
66%
Kublai Khan
66%
Francisco Franco
58%
Hermann Göring
45%
George III
44%
Augusto Pinochet
41%
Juan Peron
23%
Mobutu Sese Seko
23%
Nicolae Ceaușescu
20%
William the Conqueror
18%
No matching quizzes found
Score Distribution
Percent of People with Each Score
Percentile by Number Answered
Your Score History
You have not taken this quiz